|
|
|
|
| LEADER |
00000naa0a2200000 4500 |
| 001 |
602212 |
| 005 |
20250909130146.0 |
| 035 |
|
|
|a (RuTPU)RU\TPU\tpu\27669
|
| 090 |
|
|
|a 602212
|
| 100 |
|
|
|a 20150623d2010 k y0rusy50 ca
|
| 101 |
0 |
|
|a rus
|
| 102 |
|
|
|a RU
|
| 200 |
1 |
|
|a Морфологическая и графическая репрезентация нетрансформируемых иноязычных эргонимов Томска
|f Е. С. Самсонова
|g науч. рук. О. Г. Щитова
|
| 320 |
|
|
|a Библиогр.: с. 67-68 (14 назв.)
|
| 333 |
|
|
|a В фонде НТБ ТПУ отсутствует
|
| 461 |
|
1 |
|t XIV Всероссийская с международным участием конференция студентов, аспирантов и молодых ученых "Наука и образование" (19-23 апреля 2010 г.)
|o в 6 т.
|d 2010
|
| 463 |
|
1 |
|t Т. 2 : Филология. Ч. 1 : Русский язык и литература
|v С. 63-68
|d 2010
|
| 610 |
1 |
|
|a труды учёных ТПУ
|
| 700 |
|
1 |
|a Самсонова
|b Е. С.
|c лингвист
|c доцент Томского политехнического университета, кандидат филологических наук
|f 1982-
|g Екатерина Сергеевна
|3 (RuTPU)RU\TPU\pers\24586
|
| 702 |
|
1 |
|a Щитова
|b О. Г.
|c филолог
|c профессор Томского политехнического университета, доктор филологических наук
|f 1957-
|g Ольга Григорьевна
|4 727
|
| 801 |
|
1 |
|a RU
|b 63413507
|c 20150623
|
| 942 |
|
|
|c BK
|